Die Männer: eine repräsentative Untersuchung über die Selbstbilder von Männern und ihre Bilder von der Frau
| Main Author: | |
|---|---|
| Format: | Print Book |
| Language: | German |
| Published: |
Reinbek bei Hamburg
Rowohlt
1978
|
| In: | Year: 1978 |
| Edition: | 1. Aufl. |
| Online Access: |
Table of Contents Table of Contents |
| Availability in Tübingen: | Present in Tübingen. IFK: O V 148 |
| Check availability: | HBZ Gateway |
| Subito Delivery Service: | Order now. |
| Keywords: |
MARC
| LEADER | 00000cam a2200000 c 4500 | ||
|---|---|---|---|
| 001 | 023244313 | ||
| 003 | DE-627 | ||
| 005 | 20260206205127.0 | ||
| 007 | tu | ||
| 008 | 710101s1978 gw ||||| 00| ||ger c | ||
| 015 | |a 78,A15,0195 |2 dnb | ||
| 016 | 7 | |a 780151488 |2 DE-101 | |
| 020 | |a 3498052322 |9 3-498-05232-2 | ||
| 020 | |a 3499178257 |9 3-499-17825-7 | ||
| 035 | |a (DE-627)023244313 | ||
| 035 | |a (DE-603)051656906 | ||
| 035 | |a (DE-576)005938074 | ||
| 035 | |a (DE-599)GBV023244313 | ||
| 035 | |a (OCoLC)3965180 | ||
| 035 | |a (OCoLC)3965180 | ||
| 035 | |a (OCoLC)310688436 | ||
| 035 | |a (AT-OBV)AC02995893 | ||
| 035 | |a (DE-604)8019883781 | ||
| 040 | |a DE-627 |b ger |c DE-627 |e rakwb | ||
| 041 | |a ger | ||
| 044 | |c XA-DE |c XA-DE-SH | ||
| 084 | |a S 538 |2 sfb | ||
| 084 | |a S 547 |2 sfb | ||
| 084 | |a 05b |2 sdnb | ||
| 084 | |a 1 |2 ssgn | ||
| 084 | |a MS 3000 |2 rvk |0 (DE-625)rvk/123652: | ||
| 084 | |a MS 2850 |2 rvk |0 (DE-625)rvk/123647: | ||
| 100 | 1 | |a Pross, Helge |d 1927-1984 |0 (DE-588)118860011 |0 (DE-627)079636179 |0 (DE-576)162622732 |4 aut | |
| 109 | |a Pross, Helge 1927-1984 |a Nyssen, Helge 1927-1984 |a Pross, Helge Agnes 1927-1984 |a Nyssen, Helge Agnes 1927-1984 | ||
| 245 | 1 | 4 | |a Die Männer |b eine repräsentative Untersuchung über die Selbstbilder von Männern und ihre Bilder von der Frau |c Helge Pross |
| 250 | |a 1. Aufl. | ||
| 264 | 1 | |a Reinbek bei Hamburg |b Rowohlt |c 1978 | |
| 300 | |a 190 S. | ||
| 336 | |a Text |b txt |2 rdacontent | ||
| 337 | |a ohne Hilfsmittel zu benutzen |b n |2 rdamedia | ||
| 338 | |a Band |b nc |2 rdacarrier | ||
| 361 | 1 | |5 DE-18 |y 4477373317 |s R/1117 |o Vorbesitz |a Bucharchiv des Rowohlt-Verlages | |
| 490 | 0 | |a rororo Sachbuch |v 7825 | |
| 500 | |a Literaturverzeichnis S. 188 - [191] | ||
| 505 | 8 | |a Literaturverz. S. 188 - [191] | |
| 583 | 1 | |a Massenentsäuert |c 2009 |2 pdager |5 DE-18 | |
| 583 | 1 | |a Archivierung/Langzeitarchivierung gewährleistet |f SSG |x XA-DE-BW |2 pdager |5 DE-21 | |
| 650 | 0 | |a Masculinity (Psychology) | |
| 650 | 0 | |a Man | |
| 650 | 4 | |a Geschlechtsrolle | |
| 650 | 4 | |a Frauen | |
| 650 | 4 | |a Gleichberechtigung | |
| 650 | 4 | |a Unterprivilegierte | |
| 650 | 4 | |a Mann | |
| 650 | 4 | |a Frau | |
| 650 | 4 | |a Soziale Rolle | |
| 689 | 0 | 0 | |d s |0 (DE-588)4018202-2 |0 (DE-627)104270705 |0 (DE-576)208923209 |a Frau |2 gnd |
| 689 | 0 | 1 | |d s |0 (DE-588)4037363-0 |0 (DE-627)106237942 |0 (DE-576)209023732 |a Mann |2 gnd |
| 689 | 0 | 2 | |d s |0 (DE-588)4055729-7 |0 (DE-627)106157019 |0 (DE-576)209115130 |a Soziale Rolle |2 gnd |
| 689 | 0 | |5 DE-101 | |
| 689 | 1 | 0 | |d s |0 (DE-588)4037363-0 |0 (DE-627)106237942 |0 (DE-576)209023732 |a Mann |2 gnd |
| 689 | 1 | 1 | |d s |0 (DE-588)4077349-8 |0 (DE-627)106080431 |0 (DE-576)20920480X |a Selbstbild |2 gnd |
| 689 | 1 | |5 DE-101 | |
| 689 | 2 | 0 | |d s |0 (DE-588)4037363-0 |0 (DE-627)106237942 |0 (DE-576)209023732 |a Mann |2 gnd |
| 689 | 2 | 1 | |d s |0 (DE-588)4125057-6 |0 (DE-627)105743011 |0 (DE-576)209573368 |a Frauenbild |2 gnd |
| 689 | 2 | |5 DE-101 | |
| 689 | 3 | 0 | |d s |0 (DE-588)4037363-0 |0 (DE-627)106237942 |0 (DE-576)209023732 |a Mann |2 gnd |
| 689 | 3 | 1 | |d s |0 (DE-588)4071776-8 |0 (DE-627)104509104 |0 (DE-576)209184876 |a Geschlechterrolle |2 gnd |
| 689 | 3 | |5 DE-101 | |
| 689 | 4 | 0 | |d s |0 (DE-588)4037363-0 |0 (DE-627)106237942 |0 (DE-576)209023732 |a Mann |2 gnd |
| 689 | 4 | 1 | |d s |0 (DE-588)4071776-8 |0 (DE-627)104509104 |0 (DE-576)209184876 |a Geschlechterrolle |2 gnd |
| 689 | 4 | |5 (DE-627) | |
| 856 | 4 | 2 | |u http://bvbr.bib-bvb.de:8991/F?func=service&doc_library=BVB01&doc_number=001296919&line_number=0001&func_code=DB_RECORDS&service_type=MEDIA |m V:DE-604 |q application/pdf |v 20090731000000 |3 Inhaltsverzeichnis |7 1 |
| 856 | 4 | 2 | |u http://scans.hebis.de/HEBCGI/show.pl?05165690_toc.pdf |m V:DE-604 |q application/pdf |3 Inhaltsverzeichnis |7 1 |
| 889 | |w (DE-627)424889919 | ||
| 935 | |a mteo | ||
| 935 | |i Blocktest | ||
| 935 | |h HEB |i 0501 | ||
| 935 | |h HEB |i 0503 | ||
| 936 | r | v | |a MS 3000 |b Allgemeines |k Soziologie |k Spezielle Soziologien |k Soziologische Geschlechterforschung (Gender Studies) |k Spezielle Forschungsgebiete der soziologischen Geschlechterforschung |k Allgemeines |0 (DE-627)1270705695 |0 (DE-625)rvk/123652: |0 (DE-576)200705695 |
| 936 | r | v | |a MS 2850 |b Geschlechterrolle und Sexualverhalten |k Soziologie |k Spezielle Soziologien |k Soziologische Geschlechterforschung (Gender Studies) |k Geschlechterrolle und Sexualverhalten |0 (DE-627)1271156059 |0 (DE-625)rvk/123647: |0 (DE-576)201156059 |
| 936 | s | n | |a m200 |2 mzub |
| 951 | |a BO | ||
| ELC | |b 1 | ||
| LOK | |0 000 xxxxxcx a22 zn 4500 | ||
| LOK | |0 001 3115882939 | ||
| LOK | |0 003 DE-627 | ||
| LOK | |0 004 023244313 | ||
| LOK | |0 005 20020607000000 | ||
| LOK | |0 008 930507||||||||||||||||ger||||||| | ||
| LOK | |0 040 |a DE-21-110 |c DE-627 |d DE-21-110 | ||
| LOK | |0 852 |a DE-21-110 | ||
| LOK | |0 852 1 |c O V 148 |m p |9 00 | ||
| LOK | |0 935 |a k110 | ||
| LOK | |0 936ln |a 7.3.2.1 | ||
| LOK | |0 938 |k p | ||
| LOK | |0 939 |a 07-05-93 |b l01 | ||
| ORI | |a SA-MARC-krimdoka001.raw | ||
| SIG | |a IFK: O V 148 | ||
